• 首页
  • 本馆介绍
  • 公告通知
  • 最新文献
  • 馆藏检索
  • 电子资源
  • 读者导购
  • 参考咨询
  • 我的图书馆
  • 登录
  • 详细信息显示
  • 放入我的书架
  • 预约/预借图书
  • 作者相关作品
  • 分类相关作品
  • 丛书相关作品
  • 出版社相关作品

书目信息

  • 表格格式
  • 工作单格式
  • 卡片格式
题名:
现代制造业与生产性服务业互动融合发展研究
    
 
作者: 张洁梅 著
分册:  
出版信息: 北京   中国经济出版社  2013
页数: 298页
开本: 21cm
丛书名: 工商管理学术文库
单 册:
中图分类: F426.4 , F719
科图分类:
主题词: 制造工业--工业发展--研究--河南 , 服务业--经济发展--研究--河南 , 制造工业 , 工业发展 , 服务业 , 经济发展
电子资源:
ISBN: 978-7-5136-1787-1
000 01611oam2 2200337 450
001 519
005 20140909094422.18
010    @a978-7-5136-1787-1@dCNY38.00
100    @a20130703d2013 em y0chiy50 ea
101 0  @achi
102    @aCN@b110000
105    @ay z 001yy
106    @ar
200 1  @a现代制造业与生产性服务业互动融合发展研究@AXian Dai Zhi Zao Ye Yu Sheng Chan Xing Fu Wu Ye Hu Dong Rong He Fa Zhan Yan Jiu@e以河南省为例@EYi He Nan Sheng Wei Li@f张洁梅著@FZhang Jie Mei Zhu
210    @a北京@c中国经济出版社@d2013
215    @a298页@d21cm
225 2  @a工商管理学术文库
300    @a河南省政府决策研究招标课题《促进河南省现代制造业与现代服务业融合发展研究》、河南省科技厅软科学项目《河南省装备制造业集群的知识整合研究》
330    @a本书通过对国内外关于生产性服务业与制造业关系研究现状及生产性服务业的概念界定和特征进行阐述,依据全国、河南、沿海发达省份及中部六省的相关统计数据及2007年河南省投人产出表数据,对相关统计数据分析和比较,并运用投入产出法,总结河南省生产性服务业与制造业的现状及存在的问题,主要表现在两者互动不足,制造业对传统服务业的依赖性较强,而对知识技术密集型的生产性服务业的需求较低,同时由于河南省现代生产性服务业发展滞后,因此制造业档次低以及生产性服务业发展缓慢。
461  0 @12001 @a工商管理学术文库
606 0  @a制造工业@x工业发展@x研究@y河南
606 0  @a服务业@x经济发展@x研究@y河南
606 0  @a制造工业
606 0  @a工业发展
606 0  @a服务业
606 0  @a经济发展
690    @aF426.4@v5
690    @aF719@v5
701  0 @a张洁梅@AZhang Jie Mei@g(女,@f1979~)@4著
801  0 @aCN@bTANGWEI@c20140603
905    @b0838147-49@dF426.4@e128@f3
    
    现代制造业与生产性服务业互动融合发展研究:以河南省为例/张洁梅著.-北京:中国经济出版社,2013
    298页;21cm.-(工商管理学术文库)
    河南省政府决策研究招标课题《促进河南省现代制造业与现代服务业融合发展研究》、河南省科技厅软科学项目《河南省装备制造业集群的知识整合研究》
    
    ISBN 978-7-5136-1787-1:CNY38.00
    本书通过对国内外关于生产性服务业与制造业关系研究现状及生产性服务业的概念界定和特征进行阐述,依据全国、河南、沿海发达省份及中部六省的相关统计数据及2007年河南省投人产出表数据,对相关统计数据分析和比较,并运用投入产出法,总结河南省生产性服务业与制造业的现状及存在的问题,主要表现在两者互动不足,制造业对传统服务业的依赖性较强,而对知识技术密集型的生产性服务业的需求较低,同时由于河南省现代生产性服务业发展滞后,因此制造业档次低以及生产性服务业发展缓慢。
●
相关链接 在E读中查询图书 在五车中查询图书 在当当中查询图书 在豆瓣中查询图书


正题名:现代制造业与生产性服务业互动融合发展研究     索取号:F426.4/128         预约/预借

序号 登录号 条形码 馆藏地/架位号 状态 备注
1 0838147   208381473   第一样本阅览室/ [索取号:F426.4/128] 在馆    
2 0838148   208381482   第一借阅区/ [索取号:F426.4/128] 在馆    
3 0838149   208381491   密集书库-海洋学院/ [索取号:F426.4/128] 在馆    
唐山师范学院图书馆 欢迎您!
大连网信软件有限公司© 版权所有